000
00299nam a22001337a 4500
008
170131b xxu||||| |||| 00| 0 eng d
020
_a
9781455728466
041
_a
eng
080
_2
10TH
_a
61
100
_a
3
101
_a
SHMI
245
_a
THE LANGUAGE OF MEDICINE
_c
CHABNER, D.E
942
_2
udc
_c
BK
999
_c
4062
_d
4062